000 00694nam a2200289Ia 4500
005 20260324142012.0
008 008 260324s9999 xx 000 0 eng d
020 _a9780203992111
037 _aEBOOK
040 _aCRL
040 _beng
040 _cCRL
041 _2eng
041 _aeng
084 _qCRL
100 _aOtto Holman
_91210315
245 0 _aIntegrating Southern Europe
245 0 _bEC Expansion and the Transnationalization of Spain
260 _bTaylor and Francis
260 _c1996
365 _a
365 _b290
856 _uhttp://www.taylorfrancis.com/books/9780203992111
942 _cEBOOK
999 _c1814011
_d1814011